Stranger Things Quiz - Statistics

General Stats
  • This quiz has been taken 887 times
  • The average score is 12 of 15
Answer Stats
Question Answer % Correct
What is Mike's Last name? Wheeler
98%
Where does the show take place? Hawkins
97%
...And Will's Byers
95%
Who Loves Eleven? Mike
94%
Who is Mike's Sister? Nancy
94%
...Lucas's Sinclair
93%
Who Has the Best Hair? Steve
93%
...Dustin's Henderson
91%
What is the Season 1 Monster? Demogorgon
88%
Who Has A Wrist Rocket? Lucas
75%
What is the Season 2 Monster? Mind Flayer
75%
Who is Eleven's Sister? (Real Name) Kali
71%
What Kid do the Boys Meet? Max
69%
What Club Are The Boys in At School? AV Club
62%
What is the Event at the End of Season 2 Snow Ball
46%
No matching quizzes found
Score Distribution
Percent of People with Each Score
Percentile by Number Answered
Your Score History
You have not taken this quiz